header

Basic physics and radiation safety in nuclear medicine (Record no. 86249)

MARC details
000 -LEADER
fixed length control field 01389nam a2200313 a 4500
245 00 - TITLE STATEMENT
Title Basic physics and radiation safety in nuclear medicine
250 ## - EDITION STATEMENT
Edition statement 1st ed.
260 ## - PUBLICATION, DISTRIBUTION, ETC. (IMPRINT)
Place of publication Mumbai :
Name of publisher Himalaya Pub. House,
Year of publication 2008.
300 ## - PHYSICAL DESCRIPTION
Number of Pages 645 p. :
Other physical details ill.
505 0# - FORMATTED CONTENTS NOTE
Formatted contents note pt. 1. Basic physics and imaging techniques -- pt. 2. Radionuclides/radiopharmaceuticals in nuclear medicine -- pt. 3. Cyclotron, PET, CT and MRI -- pt. 4. Quantification techniques in nuclear medicine -- pt. 5. Health physics and radiation safety.
650 #0 - SUBJECT ADDED ENTRY--TOPICAL TERM
Topical Term Medical physics.
Topical Term Nuclear medicine.
Topical Term Radiation.
700 1# - ADDED ENTRY--PERSONAL NAME
Personal name Pant, G. S.
856 40 - ELECTRONIC LOCATION AND ACCESS
Uniform Resource Identifier http://site.ebrary.com/lib/rucke/Doc?id=10415997

No items available.

© 2026 Rongo University
Contact us: librarian | system librarian | Rongo university